000 00536nam a22002417a 4500
003 UA-OsUOA
001 32735
007 ta
008 20050210b un ||||| |||| 00| 0 ukr d
090 _a002.2
_bЧ-39
942 _cBK
040 _aUA-OsUOA
_brus
_cUA-OsUOA
_dUA-OsUOA
245 _aЧеловек читающий НОМО Legens
300 _a453 с.
955 _a0
041 _arus
080 _a002.2
591 _a76.11
260 _aМ.
_bПрогрес
_c1983
044 _aRU
650 7 _2UDC
999 _c319186
_d319186